00977nam a22002897i 4500001001000000003000500010005001700015008004100032010001500073020001500088020001800103035002400121035002000145035002700165040007700192042001400269050002300283082001900306100004200325245011100367250001900478300004400497500006100541504005100602650001400653650002000667020418431CUTN20170628120401.0150716t20152015flua b 001 0 eng d a2015301536 a1482223783 a9781482223781 a(OCoLC)ocn885471152 a(DLC)2015301536 a(UkLoRLUK)982015301536 aYDXCPbengcYDXCPerdadBDXdBTCTAdCUSdOCLCOdOCLCFdLTSCAdDLCdUkOxU alccopycat00aTP156.P6bR62 201504a668.9223bROD10aRodriguez, Ferdinand,d1928-eauthor.10aPrinciples of polymer systems /cFerdinand Rodriguez, Claude Cohen, Christopher K. Ober, Lynden A. Archer. aSixth edition. axx, 789 pages :billustrations ;c25 cm aPreviously published: New York : Taylor & Francis, 2003. aIncludes bibliographical references and index. 0aPolymers. 7aPolymers.2fast